000 00712nam a22002057a 4500
005 20100722162513.0
010 _aENG-96447
020 _a9788120337213
_c295.00
035 _aEN-79980
037 _bDBAD/PUB
082 _a621.81
100 _aJohn, K.C.
_9822
245 _aText book of machine drawing /
_cby K.C. John
260 _aNew Delhi
_bPHI Learning
_c2009
270 _aM-97, Cannaught Circus,
_bNew Delhi
_e110001
300 _avi, 346 p.:
_bill
_c28 cm.(pbk)
500 _aincludes index
942 _2ddc
_cEN
_mJOH
_h621.81
999 _c37280
_d37280